| 000 | 00719 a2200217 4500 | ||
|---|---|---|---|
| 020 | _a0070240353 | ||
| 040 | _aDLC | ||
| 082 | 0 | 0 | _a005.133 |
| 100 | 1 | _aGottfried, Byron S., | |
| 245 | 1 | 0 |
_aSchaum's outline of theory and problems of programming with C _cByron S. Gottfried. |
| 246 | 3 | 0 | _aOutline of theory and problems of programming with C |
| 246 | 3 | 0 | _aTheory and problems of programming with C |
| 246 | 3 | 0 | _aSchaum's outlines programming with C |
| 246 | 3 | 0 | _aProgramming with C |
| 250 | _a2nd ed. | ||
| 260 |
_aNew York : _bMcGraw Hill, _cc1996. |
||
| 300 |
_aviii, 532 p. : _bill. ; _c28 cm. |
||
| 490 | 0 | _aSchaum's outline series | |
| 650 | 0 | _aC (Computer program language) | |
| 942 |
_cBK _k005.133 GOT _2ddc |
||
| 999 |
_c10128 _d10128 |
||